Architectural Association Journal : (Record no. 171019)

MARC details
000 -LEADER
fixed length control field 00902nam a22002297a 4500
003 - CONTROL NUMBER IDENTIFIER
control field OSt
005 - DATE AND TIME OF LATEST TRANSACTION
control field 20240917094931.0
008 - FIXED-LENGTH DATA ELEMENTS--GENERAL INFORMATION
fixed length control field 240917b |||||||| |||| 00| 0 eng d
024 ## - OTHER STANDARD IDENTIFIER
Standard number or code (hardcover)
040 ## - CATALOGING SOURCE
Original cataloging agency NUST
Language of cataloging eng
Transcribing agency NUST
Modifying agency NUST
Description conventions rda
050 ## - LIBRARY OF CONGRESS CALL NUMBER
Classification number NA1 ARC
100 ## - MAIN ENTRY--PERSONAL NAME
Personal name Architectural Association Journal
Relator term Publisher
Fuller form of name Architectural Association Journal
245 ## - TITLE STATEMENT
Title Architectural Association Journal :
Remainder of title Contents ; January 1953 /
Statement of responsibility, etc. Architectural Association Journal
Medium Publisher
260 ## - PUBLICATION, DISTRIBUTION, ETC.
Place of publication, distribution, etc. London :
Name of publisher, distributor, etc. Architectural Association Journal,
Date of publication, distribution, etc. 1953.
300 ## - PHYSICAL DESCRIPTION
Extent (various pagings)
Other physical details Illustrations ;
Dimensions 25 cm.
336 ## - CONTENT TYPE
Source rdamedia
Content type term text
Content type code txt
337 ## - MEDIA TYPE
Source rdamedia
Media type term unmediated
Media type code n
338 ## - CARRIER TYPE
Source rdamedia
Carrier type term volume
Carrier type code nc
650 ## - SUBJECT ADDED ENTRY--TOPICAL TERM
Form subdivision Architecture.
700 ## - ADDED ENTRY--PERSONAL NAME
Personal name Architectural Association Journal
Relator term Publisher
Fuller form of name Architectural Association Journal
942 ## - ADDED ENTRY ELEMENTS (KOHA)
Source of classification or shelving scheme Library of Congress Classification
Koha item type Ordinary Loan Books
Classification part NA1 ARC
Call number prefix NA
Call number suffix ARC
Suppress in OPAC No
Holdings
Withdrawn status Lost status Source of classification or shelving scheme Damaged status Not for loan Collection Home library Current library Shelving location Date acquired Source of acquisition Cost, normal purchase price Total Checkouts Full call number Barcode Date last seen Accession number Cost, replacement price Price effective from Koha item type Public note
    LCC     NFIC MAIN MAIN GEN 09/17/2024 National Gallery of Zimbabwe 20.00   NA1 ARC 92004056701 09/17/2024 59395 20.00 09/17/2024 BOOKS Donation